Translation studies
Uloženo v:
| Hlavní autor: | |
|---|---|
| Médium: | Kniha |
| Jazyk: | angličtina |
| Vydáno: |
Londres
Routledge
1980
|
| Edice: | New Accents
|
| Témata: | |
| Tagy: |
Přidat tag
Žádné tagy, Buďte první, kdo vytvoří štítek k tomuto záznamu!
|
MARC
| LEADER | 00000nam a2200000 a 4500 | ||
|---|---|---|---|
| 001 | UCQ0580 | ||
| 003 | CL-VaPUC | ||
| 008 | 980628e19800000UK |||||||||||||||||eng|d | ||
| 082 | 0 | 4 | |a 418.02 |b BAS |2 21 |
| 100 | 0 | |a Bassnett, Susan |e author |9 413789 | |
| 245 | 1 | 0 | |a Translation studies |
| 300 | |a 168 p | ||
| 942 | |c BK | ||
| 945 | |d 19980628 00:00:00 |a mvenant | ||
| 260 | |a Londres |b Routledge |c 1980 | ||
| 650 | 0 | |a Traducción e interpretación |9 315998 | |
| 650 | 0 | |a Traductores |9 357262 | |
| 650 | 0 | |a Inglés |9 260023 | |
| 650 | 0 | |a Historia |9 255047 | |
| 583 | |a last modification |c 19980628 00:00:00 |k Rodrigo Vera | ||
| 490 | 0 | |a New Accents | |
| 999 | |c 271637 |d 271635 | ||
| 952 | |0 0 |1 0 |4 0 |6 418_020000000000000_BAS_1980 |7 0 |8 A |9 306341 |a BIBEDU |b BIBEDU |d 2019-11-20 |i 3439674 |l 1 |o 418.02 BAS 1980 |p 3439674 |r 2023-12-05 |s 2023-12-05 |w 2019-11-20 |y BK |k CIT | ||